00538nam a22001572 4500001001100000005001700011008004100028040001500069110007100084245009700155250001300252260005100265300001500316650004600331852000300377000002159720151217155910.0120807s xx 000 0 eng d aKABUcKABU2 aKenya.bCommittee of Experts on Constitutional Review.@000017775210aYour guide to the proposed constiturion :bsimplified version /cCommittee of Experts on ... a1st ed. aNairobi :bCommittee of Experts on ...,c2010. aii, 26 p. 0aConstitutional reformzKenya.@00001597611